000 01442ngm a22003850a 4500
001 PT38838
003 AR-LpoUNG
005 20210202000535.0
007 vd cvaizq
008 191001s2013||||it |||||||||||||||||ita d
040 _aAR-LpoUNG
_bspa
_cAR-LpoUNG
_eaacr
041 _aita
044 _ait
082 0 _a945.092 947fil
100 1 _aGuidi, Susanna
_edir.
245 1 0 _aIl filo rosso
260 _a[Florencia] :
_bArci,
_c[2013].
300 _aDVD (30 min.) : son., col.
505 0 _aHecha en 2007 en Italia. Idea: Giovanni De Rose. Fotografía: Elisa Maritano. Audio: Alberto Bario. Montaje: Alexandr Cicconi. Con la contribución de Arci Nazionale, Arci Emilia Romagna, Arci Toscana y UCCA. Con el patrocinio de Comune di Bologna.
520 _aEl ARCI nace en 1957 como resultado de diversas historias. Esta es la más importante, la de Arrigo Diodati, partigiano italiano comunista y fundador de ARCI (Associazione Ricreativa e Culturale Italiana), testigo de cómo el espíritu de la asociación tiene sus raíces en la resistencia y en la lucha de liberación.
650 4 _aBIOGRAFIAS
650 4 _aCOMUNISMO
650 4 _aDERECHOS HUMANOS
650 4 _aGUERRA
650 4 _aHISTORIA POLITICA
650 4 _aITALIA
653 _aCINE ITALIANO
653 _aDOCUMENTALES
653 _aDVD
653 _aFASCISMO
653 _aRESISTENCIA
653 _aVIDEOS
905 _a38838
942 _cDVD
999 _c55117
_d55117